| 000 | 00451nam a22001577a 4500 | ||
|---|---|---|---|
| 003 | macl | ||
| 005 | 20170119151302.0 | ||
| 008 | 170119b xxu||||| |||| 00| 0 eng d | ||
| 040 | _cmacl | ||
| 082 | _a891.433/THA | ||
| 100 |
_aठाकरान एस _966608 |
||
| 245 | _aअपने अपने द्वीप | ||
| 260 |
_aदिल्ली _bप्रियका _c2015 |
||
| 650 |
_aउपन्यास _966609 |
||
| 942 |
_2ddc _cHIN |
||
| 999 |
_c55967 _d55967 |
||